Informal reactions and delinquency

Pursuing the recent resurgence of research interest in labeling theory, this study addressed an important but relatively neglected issue - the informal labeling process and delinquency - with data collected in the National Youth Survey. A testable model was developed by clarifying and specifying som...

Full description

Saved in:  
Bibliographic Details
Main Author: Zhang, Lening (Author)
Format: Print Article
Language:English
Published: 1997
In: Criminal justice and behavior
Year: 1997, Volume: 24, Issue: 1, Pages: 129-150
Check availability: HBZ Gateway
Keywords:

MARC

LEADER 00000caa a22000002c 4500
001 1640112731
003 DE-627
005 20220608131136.0
007 tu
008 160223s1997 xx ||||| 00| ||eng c
035 |a (DE-627)1640112731 
035 |a (DE-576)456054820 
035 |a (DE-599)BSZ456054820 
040 |a DE-627  |b ger  |c DE-627  |e rakwb 
041 |a eng 
100 1 |a Zhang, Lening  |4 aut 
245 1 0 |a Informal reactions and delinquency  |c Lening Zhang 
264 1 |c 1997 
336 |a Text  |b txt  |2 rdacontent 
337 |a ohne Hilfsmittel zu benutzen  |b n  |2 rdamedia 
338 |a Band  |b nc  |2 rdacarrier 
520 |a Pursuing the recent resurgence of research interest in labeling theory, this study addressed an important but relatively neglected issue - the informal labeling process and delinquency - with data collected in the National Youth Survey. A testable model was developed by clarifying and specifying some conceptual issues regarding the informal labeling process. Consistent with labeling theory, the results of the data analysis based on this model indicated the significant role of informal reactions in accounting for youths' subsequent life and behavioral adjustments. However, in some important dimensions, the role was not uniform across different types of significant others and across gender. The theoretical implications of these findings are discussed 
773 0 8 |i In  |t Criminal justice and behavior  |d Thousand Oaks, Calif. [u.a.] : Sage Publ., 1974  |g 24(1997), 1, Seite 129-150  |w (DE-627)166550876  |w (DE-600)221215-8  |w (DE-576)015017524  |x 0093-8548  |7 nnas 
773 1 8 |g volume:24  |g year:1997  |g number:1  |g pages:129-150 
776 1 |o 10.1177/0093854897024001008 
935 |a mkri 
951 |a AR 
ELC |b 1 
LOK |0 000 xxxxxcx a22 zn 4500 
LOK |0 001 3301445136 
LOK |0 003 DE-627 
LOK |0 004 1640112731 
LOK |0 005 20160223101145 
LOK |0 008 160208||||||||||||||||ger||||||| 
LOK |0 040   |a DE-21-110  |c DE-627  |d DE-21-110 
LOK |0 689   |a s  |a Informelle Sozialkontrolle 
LOK |0 689   |a s  |a Kontrolltheorie 
LOK |0 689   |a s  |a Jugendkriminalität 
LOK |0 852   |z Kein Bestand am IfK; Nachweis für KrimDok 
LOK |0 852   |a DE-21-110 
LOK |0 852 1  |m v  |9 00 
LOK |0 935   |a k110 
LOK |0 938   |k v 
LOK |0 939   |a 08-02-16  |b l01 
ORI |a SA-MARC-krimdoka001.raw